000 00558nam a2200205Ia 4500
005 20250505145704.0
008 008 250505s9999 xx 000 0 eng d
037 _aTextbook
040 _aFML
_beng
_cFML
041 _aeng
_2eng
084 _aNR441,16 R3
_qFML
100 _aChandola , Indranuj
_9754211
245 0 _aCarnatic Music Compositions
260 _aNew Delhi , India
_bVenus Pub.
_c2023
300 _a292p
365 _aINR
_b1950
650 _aMusic
942 _cTB
_hNR441,16 R3
999 _c1311428
_d1311428